000 00249nam a2200097Ia 4500
001 1221588
005 20250827092832.0
008 250824s9999 xx 000 0 und d
245 0 _aİNCİ GİBİ DİŞLER
_cZADİE SMİTH
260 _bEVEREST YAYINLARI
999 _c1221588
_d1221588